1909 1708 1472 1139 1358 1269 1312 1576 1618 1049 1056 1052 1794 1915 1162 1499 1431 1783 1691 1225 1975 1307 1542 1166 1604 1066 1155 1964 1330 1051 1288 1563 1758 1622 1268 1497 1342 1529 1689 1044 1911 1953 1230 1015 1794 1053 1619 1802 1963 1826 1271 1473 1127 1498 1697 1108 1654 1674 1977 1444 1757 1854 1113 1752 1078 1306 1900 1964 1781 1844 1003 1085 1013 1541 1448 1762 1482 1579 1270 1671 1909 1699 1757 1836 1123 1015 1632 1785 1860 1636 1311 1512 1012 1387 1422 1631 1035 1138 1992 BCNSPRNW ULIB Ver.6.0+V

เปลี่ยนเป็นภาษาไทย

Change to English
 แสดงรายละเอียดบรรณานุกรม
  กลับหน้าหลัก

Brief Record : Get Marc (ISO 2709) : E-mail record : QR code < ปิดหน้าต่าง
LEADER : 00000nam 2200000uu 4500
001    13399111784
003     ULIB
008    110708s2553||||th 000 0 tha d
020    9746429272 (ล.3)
060  4 WA308^bบ261ป ล.3
110 1  มหาวิทยาลัยสุโขทัยธรรมาธิราช.^bบัณฑิตศึกษา สาขาวิชาวิทยาศาสตร์สุขภาพ
245 0  ประมวลสาระชุดวิชาสถิติและระเบียบวิธีวิจัยในงานสาธารณสุข หน่วยที่ 11-15 = ^bStatistics and research methods in public health / ^cบัณฑิตศึกษา สาขาวิชาวิทยาศาสตร์สุขภาพ มหาวิทยาลัยสุโขทัยธรรมาธิราช.
246 3  ชุดวิชาสถิติและระเบียบวิธีวิจัยในงานสาธารณสุข
246 3  สถิติและระเบียบวิธีวิจัยในงานสาธารณสุข
246 3  Statistics and research methods in public health
250    พิมพ์ครั้งที่ 6.
260    นนทบุรี : ^bโรงพิมพ์มหาวิทยาลัยสุโขทัยธรรมาธิราช, ^c2553.
300    3 เล่ม : ^bภาพประกอบ ; ^c29 ซม.
650    สาธารณสุข ^xวิจัย.
650    สาธารณสุข ^xระเบียบวิธีทางสถิติ.
945    ^p0^l0^i030280
945    ^p0^l0^i030281
945    ^p0^l0^i030282
945    ^p0^l0^i030283
995    ทศพร
999 ^a ใช้งานได้ทุกระบบ
รายการนี้ยังไม่มีแท็ก
คุณยังไม่ได้ล็อกอิน คุณสามารถมีกิจกรรมร่วมกับเว็บไซต์ได้ แต่ต้องล็อกอินก่อน ::
  ล็อกอิน

รายการสื่อสารสนเทศ

ลำดับที่ ประเภท เลขเรียก/บาร์โค้ด สถานที่ สถานะ
1. วิทยาศาสตร์การแพทย์ และสุขภาพ
หนังสือสำรอง
สถานะ=หนังสือสำรอง
WA308 บ261ป ล.3 ฉ.1 
  Barcode: 030280
ห้องสมุดวิทยาเขตสวรรค์ประชารักษ์
►ส่วนจัดเก็บหนังสือเก่า สปร
บนชั้น
  ขอยืม
2. วิทยาศาสตร์การแพทย์ และสุขภาพ
วิทยาศาสตร์การแพทย์ และสุขภาพ
WA308 บ261ป ล.3 ฉ.2 
  Barcode: 030281
ห้องสมุดวิทยาเขตสวรรค์ประชารักษ์
►ส่วนจัดเก็บหนังสือเก่า สปร
บนชั้น
  ขอยืม
3. วิทยาศาสตร์การแพทย์ และสุขภาพ
วิทยาศาสตร์การแพทย์ และสุขภาพ
WA308 บ261ป ล.3 ฉ.3 
  Barcode: 030282
ห้องสมุดวิทยาเขตสวรรค์ประชารักษ์
►ส่วนจัดเก็บหนังสือเก่า สปร
บนชั้น
  ขอยืม
4. วิทยาศาสตร์การแพทย์ และสุขภาพ
วิทยาศาสตร์การแพทย์ และสุขภาพ
WA308 บ261ป ล.3 ฉ.4 
  Barcode: 030283
ห้องสมุดวิทยาเขตสวรรค์ประชารักษ์
►ส่วนจัดเก็บหนังสือเก่า สปร
บนชั้น
  ขอยืม

BibComment


ยังไม่เคยถูกคอมเมนท์

คอมเมนท์ทรัพยากรรายการนี้
  คอมเมนท์: ประมวลสาระชุดวิชา..


 Copyright 2026. Bcnsprnw @Library